[Event "4NCL Division 1a"]
[Site "Telford, ENG"]
[Date "2019.03.16"]
[Round "7.28"]
[White "Maroroa, Sue"]
[Black "Roy, Ali"]
[Result "1-0"]
[WhiteElo "2115"]
[BlackElo "1892"]
[PlyCount "87"]
[EventDate "2019.03.16"]
[WhiteTeam "White Rose 1"]
[BlackTeam "Alba"]

1. e4 e6 2. d4 d5 3. Nd2 c5 4. Ngf3 Nc6 5. Bb5 cxd4 6. Nxd4 Qc7 7. exd5 exd5 8.
Qe2+ Be7 9. O-O a6 10. Nxc6 bxc6 11. Bd3 Nf6 12. Re1 Ra7 13. c4 O-O 14. Nb3 Bg4
15. Qc2 h6 16. Be3 Raa8 17. Rac1 Qd7 18. Nc5 Bxc5 19. Bxc5 Rfe8 20. Rxe8+ Qxe8
21. Bd4 a5 22. Qd2 dxc4 23. Bxc4 Nd5 24. Bxg7 Kxg7 25. Bxd5 cxd5 26. Qd4+ Kh7
27. Qxg4 Qe6 28. Qd4 Re8 29. g3 Qe5 30. Qxe5 Rxe5 31. Kf1 d4 32. Rd1 Rd5 33.
Ke2 Rb5 34. Rd2 Kg6 35. Kd3 Kf5 36. Kxd4 h5 37. Kc4 Rb4+ 38. Kc3 Ke5 39. a3 Re4
40. f4+ Kf5 41. Rd5+ Kg4 42. Rg5+ Kf3 43. Rxh5 a4 44. Re5 1-0

[Event "4NCL Division 1a"]
[Site "Telford, ENG"]
[Date "2019.03.16"]
[Round "7.31"]
[White "Rudd, Jack"]
[Black "Tan, Justin"]
[Result "1/2-1/2"]
[WhiteElo "2250"]
[BlackElo "2517"]
[PlyCount "87"]
[EventDate "2019.03.16"]
[WhiteTeam "West is Best 1"]
[BlackTeam "Wood Green"]

1. d4 Nf6 2. c4 e6 3. Nc3 Bb4 4. e3 O-O 5. Bd3 d5 6. a3 Bxc3+ 7. bxc3 dxc4 8.
Bxc4 c5 9. Ne2 Qc7 10. Ba2 b6 11. O-O Ba6 12. f3 e5 13. d5 e4 14. c4 Nbd7 15.
Bb2 Rfe8 16. Ng3 b5 17. fxe4 bxc4 18. Bc3 Qd6 19. Nf5 Qf8 20. Qa4 Bc8 21. Rf4
Nb6 22. Qc2 Bxf5 23. Rxf5 Nxe4 24. Raf1 Rad8 25. Be5 Nd6 26. Rg5 g6 27. Rf6
Rxe5 28. Rxe5 Nd7 29. Rxd6 Qxd6 30. Re4 Rb8 31. Rxc4 Qe5 32. Qc3 Rb2 33. Qxe5
Nxe5 34. Re4 f6 35. Bc4 Rb1+ 36. Kf2 Ra1 37. d6+ Kf8 38. Rf4 f5 39. Be2 Rxa3
40. g4 Ra2 41. Ke1 Ra1+ 42. Kf2 Ra2 43. Ke1 Ra1+ 44. Kf2 1/2-1/2

[Event "4NCL Division 1a"]
[Site "Telford, ENG"]
[Date "2019.03.16"]
[Round "7.32"]
[White "Notkevich, Benjamin Arvola"]
[Black "Rees, Ioan"]
[Result "1/2-1/2"]
[WhiteElo "2512"]
[BlackElo "2291"]
[PlyCount "113"]
[EventDate "2019.03.16"]
[WhiteTeam "Wood Green"]
[BlackTeam "West is Best 1"]

1. c4 Nf6 2. g3 c5 3. Bg2 e6 4. Nf3 Be7 5. O-O O-O 6. d4 cxd4 7. Nxd4 a6 8. e4
Qc7 9. b3 d6 10. Be3 Nc6 11. Nc3 Nxd4 12. Bxd4 e5 13. Be3 b5 14. Rc1 bxc4 15.
Na4 Rb8 16. Rxc4 Qb7 17. Qc2 Bd7 18. Rc7 Qb4 19. Rc4 Rbc8 20. Nb6 Rxc4 21. bxc4
Bc6 22. Rb1 Qa5 23. Bd2 Qc5 24. Be3 Qa5 25. Nd5 Nxd5 26. exd5 Ba4 27. Qb2 Qc7
28. Qa3 Bc2 29. Rc1 Bf5 30. Qxa6 Rb8 31. h3 h6 32. a4 Bd7 33. a5 Bc8 34. Qa7
Rb7 35. Qa8 Rb8 36. Qc6 Qxa5 37. c5 Qd8 38. cxd6 Bxd6 39. Bc5 Bxc5 40. Qxc5 Bf5
41. Re1 Rc8 42. Qe3 f6 43. f4 exf4 44. Qxf4 Qa5 45. Rd1 Qc5+ 46. Kh2 Bd7 47. d6
Re8 48. Rc1 Qe5 49. Qxe5 fxe5 50. Bd5+ Kh7 51. Rc7 Rd8 52. Be4+ Kg8 53. Bg6 Kf8
54. Kg2 Bb5 55. Rc5 Rxd6 56. Rxb5 Rxg6 57. Rxe5 1/2-1/2

[Event "4NCL Division 1a"]
[Site "Telford, ENG"]
[Date "2019.03.16"]
[Round "7.33"]
[White "Toma, Katarzyna"]
[Black "Haria, Ravi"]
[Result "1/2-1/2"]
[WhiteElo "2202"]
[BlackElo "2430"]
[PlyCount "123"]
[EventDate "2019.03.16"]
[WhiteTeam "West is Best 1"]
[BlackTeam "Wood Green"]

1. e4 d5 2. exd5 Qxd5 3. Nc3 Qa5 4. Bc4 Nf6 5. Nf3 c6 6. d3 Bg4 7. Qe2 e6 8.
Bd2 Qc7 9. h3 Bxf3 10. Qxf3 Nbd7 11. Ne4 Nd5 12. d4 Be7 13. O-O O-O 14. Rfe1
Rfe8 15. Bd3 Nf8 16. g3 Qb6 17. c4 Nf6 18. Bc3 Nxe4 19. Rxe4 Rad8 20. Rd1 Rd7
21. Bc2 Red8 22. h4 Qc7 23. Re3 Bf6 24. d5 Bxc3 25. Rxc3 Qe5 26. dxc6 Rxd1+ 27.
Bxd1 bxc6 28. Ba4 c5 29. Qe3 Qd6 30. Rc1 Rb8 31. Rd1 Qa6 32. b3 Qb6 33. Qe5 f6
34. Qd6 Kf7 35. Qd3 Ke7 36. h5 Rd8 37. Qf3 Rxd1+ 38. Qxd1 Qb7 39. Qg4 Kf7 40.
Qd1 Ke7 41. Qg4 Kf7 42. Qd1 Ke7 43. Qg4 g6 44. Qf4 Kf7 45. Qd6 Qb6 46. Qd2 Qc7
47. hxg6+ hxg6 48. a3 g5 49. b4 Ng6 50. Bd1 Ne5 51. f4 gxf4 52. gxf4 Nxc4 53.
Qd3 Qxf4 54. Qh7+ Kf8 55. Qh8+ Ke7 56. Qg7+ Kd6 57. Qf8+ Kc7 58. Qxc5+ Kb8 59.
Qf8+ Kc7 60. Qe7+ Kb8 61. Qf8+ Kc7 62. Qe7+ 1/2-1/2

[Event "4NCL Division 1a"]
[Site "Telford, ENG"]
[Date "2019.03.16"]
[Round "7.34"]
[White "Taylor, Adam C"]
[Black "Cooper, John G"]
[Result "1-0"]
[WhiteElo "2393"]
[BlackElo "2256"]
[PlyCount "107"]
[EventDate "2019.03.16"]
[WhiteTeam "Wood Green"]
[BlackTeam "West is Best 1"]

1. Nf3 c5 2. g3 g6 3. c4 Bg7 4. Nc3 Nc6 5. Bg2 d6 6. O-O Bg4 7. h3 Bxf3 8. Bxf3
Qd7 9. Bg2 e6 10. a3 Nge7 11. b4 O-O 12. Rb1 Rad8 13. Bb2 b6 14. d3 Qc8 15. Qd2
Ne5 16. f4 Nd7 17. Ne4 d5 18. Bxg7 Kxg7 19. Qb2+ Kg8 20. cxd5 exd5 21. Nf2 Nf5
22. Kh2 d4 23. Rfc1 Ne3 24. Bf3 f5 25. Nd1 Rfe8 26. Nxe3 Rxe3 27. Rc2 g5 28.
fxg5 Ne5 29. Rf1 c4 30. dxc4 d3 31. Rd2 Qxc4 32. exd3 Rdxd3 33. Bg2 Qc3 34.
Qxc3 Rxc3 35. Rxf5 Rxa3 36. Rd5 Nf3+ 37. Rxf3 Rxf3 38. Bxf3 Rxf3 39. h4 Rb3 40.
b5 Kf7 41. Re5 Kg6 42. Kg2 Kf7 43. h5 a5 44. bxa6 Ra3 45. Rf5+ Kg7 46. Rd5 Rxa6
47. Rd7+ Kg8 48. Kh3 Ra5 49. Kg4 Rc5 50. h6 b5 51. Rg7+ Kh8 52. Rb7 Kg8 53.
Rb8+ Kf7 54. Rh8 1-0

[Event "4NCL Division 1a"]
[Site "Telford, ENG"]
[Date "2019.03.16"]
[Round "7.35"]
[White "Blackburn, Jonathan L B"]
[Black "McDonald, Neil"]
[Result "1/2-1/2"]
[WhiteElo "2199"]
[BlackElo "2411"]
[PlyCount "139"]
[EventDate "2019.03.16"]
[WhiteTeam "West is Best 1"]
[BlackTeam "Wood Green"]

1. d4 d5 2. c4 e6 3. Nc3 Be7 4. Nf3 Nf6 5. Bg5 h6 6. Bh4 O-O 7. e3 a6 8. Rc1
dxc4 9. Bxc4 Nbd7 10. Be2 c5 11. O-O b5 12. dxc5 Nxc5 13. Nd4 Bb7 14. Bf3 Qb6
15. Bxf6 Bxf6 16. b4 Nd7 17. a4 Bxf3 18. Nxf3 Rfd8 19. Qb3 bxa4 20. Qxa4 Ne5
21. Nxe5 Bxe5 22. Ne4 Rd5 23. Rc5 Rb8 24. Rc6 Qxb4 25. Rxa6 Qb2 26. Ra8 Rxa8
27. Qxa8+ Kh7 28. Qa6 Qc2 29. Ng3 Bxg3 30. hxg3 Rf5 31. Qb7 Qe2 32. Qe4 h5 33.
Qh4 Kh6 34. Qe4 Rf6 35. Qe5 Qd3 36. e4 Qe2 37. f3 Rf5 38. Qc3 Rb5 39. Qe1 Qa2
40. Qa1 Qxa1 41. Rxa1 Kg5 42. Ra7 Kf6 43. Rc7 g5 44. Ra7 g4 45. Kh2 Rb2 46. f4
Rb4 47. e5+ Kg6 48. Ra8 Kg7 49. Ra7 Re4 50. Ra2 Re3 51. Ra4 Re1 52. Rb4 Kg6 53.
Rb8 Rd1 54. Rg8+ Kh7 55. Rg5 Kh6 56. Rg8 Rd2 57. Rh8+ Kg6 58. Rg8+ Kh7 59. Rg5
Kh6 60. Rg8 Rd7 61. Rh8+ Kg6 62. Rg8+ Kh7 63. Rg5 Kh6 64. Rg8 Re7 65. Rh8+ Kg6
66. Rg8+ Kh7 67. Rg5 Kh6 68. Rg8 f6 69. Rf8 fxe5 70. Rf6+ 1/2-1/2

[Event "4NCL Division 1a"]
[Site "Telford, ENG"]
[Date "2019.03.16"]
[Round "7.36"]
[White "Weaving, Richard"]
[Black "Mihalik, Agoston"]
[Result "1-0"]
[WhiteElo "2323"]
[BlackElo "2203"]
[PlyCount "81"]
[EventDate "2019.03.16"]
[WhiteTeam "Wood Green"]
[BlackTeam "West is Best 1"]

1. e4 c5 2. Nf3 d6 3. Bb5+ Nd7 4. O-O a6 5. Bd3 Ngf6 6. Re1 e6 7. c3 b5 8. a4
c4 9. Bf1 Bb7 10. axb5 axb5 11. Rxa8 Bxa8 12. d3 cxd3 13. Bxd3 Be7 14. b4 O-O
15. Na3 Qb8 16. Bg5 h6 17. Bh4 Rc8 18. Qd2 Bf8 19. Bxb5 Nxe4 20. Rxe4 Bxe4 21.
Bxd7 Rc7 22. Bb5 Ra7 23. Qb2 Rxa3 24. Qxa3 Qxb5 25. Ne1 Qe2 26. Qc1 Bc6 27. f3
Qc4 28. Bg3 h5 29. h3 Bb5 30. Qd2 d5 31. Nc2 h4 32. Bb8 f6 33. Ne3 Qc8 34. Bh2
Qa8 35. Kh1 g5 36. f4 Qa1+ 37. Bg1 Bc6 38. fxg5 fxg5 39. Nc2 Qf1 40. Qxg5+ Bg7
41. Nd4 1-0

[Event "4NCL Division 1a"]
[Site "Telford, ENG"]
[Date "2019.03.16"]
[Round "7.37"]
[White "Jones, Steven A"]
[Black "Harvey, Marcus R"]
[Result "1/2-1/2"]
[WhiteElo "2147"]
[BlackElo "2401"]
[PlyCount "82"]
[EventDate "2019.03.16"]
[WhiteTeam "West is Best 1"]
[BlackTeam "Wood Green"]

1. e4 d5 2. exd5 Qxd5 3. Nc3 Qe5+ 4. Be2 c6 5. d4 Qc7 6. Bg5 Qb6 7. Qd2 Qxb2 8.
Rb1 Qa3 9. Nf3 Nf6 10. O-O e6 11. Bxf6 gxf6 12. Ne4 Nd7 13. c4 f5 14. Rb3 Qe7
15. Ng3 Qf6 16. Re1 Bh6 17. Qb4 c5 18. dxc5 a5 19. Qb5 Ra6 20. Rd3 Rc6 21. Qxa5
O-O 22. Nh5 Qe7 23. Nd4 Rxc5 24. Rg3+ Kh8 25. Qc3 f6 26. Bf1 Ne5 27. Nb3 f4 28.
Rh3 Rc7 29. Nxf6 Qxf6 30. Qxe5 Qxe5 31. Rxe5 Bg7 32. Rc5 Rd7 33. Rd3 Rfd8 34.
Rxd7 Bxd7 35. Rc7 Bc8 36. c5 Be5 37. Re7 Kg8 38. Be2 Bf6 39. Rc7 Be5 40. Re7
Bf6 41. Rc7 Be5 1/2-1/2

[Event "4NCL Division 1a"]
[Site "Telford, ENG"]
[Date "2019.03.16"]
[Round "7.38"]
[White "Norinkeviciute, Rasa"]
[Black "Redmond, John P"]
[Result "1/2-1/2"]
[WhiteElo "1998"]
[BlackElo "2189"]
[PlyCount "192"]
[EventDate "2019.03.16"]
[WhiteTeam "Wood Green"]
[BlackTeam "West is Best 1"]

1. c4 c5 2. b3 e6 3. Nf3 Nf6 4. Bb2 Be7 5. Nc3 O-O 6. e3 b6 7. Be2 Bb7 8. Qc2
Nc6 9. a3 d5 10. d3 Rc8 11. Nb1 d4 12. e4 e5 13. h3 Ne8 14. g4 Nc7 15. Nbd2 a6
16. Nf1 b5 17. Bc1 Rb8 18. Bd2 Bc8 19. Ng3 Re8 20. Nf5 Bf8 21. O-O bxc4 22.
bxc4 Bd7 23. Ne1 Ne6 24. Ng2 g6 25. Ng3 Bd6 26. Rfb1 Qc7 27. Kh2 Rxb1 28. Rxb1
Rb8 29. Bd1 Nf4 30. Bf3 Kg7 31. Ne2 f6 32. Kg3 Ne6 33. Nc1 Ne7 34. Rxb8 Qxb8
35. Bd1 Bc6 36. f3 g5 37. Ne2 h5 38. Be1 Ng6 39. gxh5 Ngf4 40. Nexf4 exf4+ 41.
Kf2 Qe8 42. h4 Qxh5 43. Kf1 Bc7 44. Qf2 Nf8 45. Qg1 Ng6 46. hxg5 fxg5 47. Bd2
Kf7 48. Ne1 Bd7 49. Qf2 Ne5 50. Kg1 Ng6 51. Qh2 Nh4 52. Kf1 Qg6 53. Ng2 Nxg2
54. Qxg2 Qh5 55. Kg1 Kg7 56. Qe2 Qg6 57. Qg2 Qh6 58. Be1 Bd8 59. Bd2 Kf7 60.
Be1 Kg6 61. Qb2 Kh7 62. Qb7 Qc6 63. Qb2 Bc7 64. Qh2+ Qh6 65. Qb2 Bc8 66. Qg2
Kg7 67. Qe2 Qh3 68. Qg2 Qh5 69. Qe2 Kf7 70. Qg2 Qh6 71. Qe2 Qb6 72. Qh2 Kg7 73.
Qc2 Bd7 74. Kf1 Qh6 75. Kg1 Qb6 76. Kf1 Qf6 77. Qh2 Be5 78. Qh5 Bd6 79. Qh2 Qg6
80. Qe2 Qh5 81. Kg1 Qh3 82. Qg2 Kg6 83. Qe2 g4 84. fxg4 Kg5 85. e5 Be7 86. e6
Bc6 87. Qe5+ Kg6 88. Qf5+ Kg7 89. Qf7+ Kh8 90. Qh5+ Qxh5 91. gxh5 Kg7 92. Bd2
Bd6 93. Kf2 Kf6 94. Bf3 Be8 95. Bb7 Bxh5 96. Bxa6 Kxe6 1/2-1/2

[Event "4NCL Division 1a"]
[Site "Telford, ENG"]
[Date "2019.03.16"]
[Round "7.41"]
[White "Gheorghiu, Calin"]
[Black "Turner, Matthew J"]
[Result "1/2-1/2"]
[WhiteElo "2327"]
[BlackElo "2522"]
[PlyCount "44"]
[EventDate "2019.03.16"]
[WhiteTeam "Oxford 1"]
[BlackTeam "Barbican 4NCL 1"]

1. e4 e5 2. Nf3 Nc6 3. d4 exd4 4. Nxd4 d6 5. Bb5 Bd7 6. O-O Nf6 7. Bxc6 Bxc6 8.
Nxc6 bxc6 9. Qf3 Qd7 10. c4 Be7 11. Nc3 O-O 12. Bg5 h6 13. Bh4 Rae8 14. Rfe1
Ng4 15. Bg3 Bf6 16. Rad1 Ne5 17. Qe2 Qe6 18. c5 Nc4 19. cxd6 Bxc3 20. bxc3 cxd6
21. Rd4 d5 22. Kf1 Qg6 1/2-1/2

[Event "4NCL Division 1a"]
[Site "Telford, ENG"]
[Date "2019.03.16"]
[Round "7.42"]
[White "Sanders, Isaac B"]
[Black "Zakarian, David"]
[Result "1-0"]
[WhiteElo "2355"]
[BlackElo "2351"]
[PlyCount "127"]
[EventDate "2019.03.16"]
[WhiteTeam "Barbican 4NCL 1"]
[BlackTeam "Oxford 1"]

1. Nf3 Nf6 2. c4 e6 3. b3 d5 4. e3 Be7 5. Bb2 O-O 6. Be2 c5 7. O-O Nc6 8. d4
cxd4 9. Nxd4 Bd7 10. Nd2 Rc8 11. N2f3 Qb6 12. Nxc6 Bxc6 13. Ne5 Rfd8 14. Nxc6
Rxc6 15. Bd4 Qc7 16. Qe1 e5 17. Bb2 dxc4 18. Bxc4 a6 19. a4 e4 20. Rd1 Ng4 21.
Rxd8+ Bxd8 22. g3 Bf6 23. Qd1 h5 24. Bxf6 Rxf6 25. Be2 Rd6 26. Qb1 Nf6 27. Rd1
Rc6 28. Bc4 Rc5 29. Qa1 b5 30. axb5 axb5 31. Bf1 Kh7 32. Bg2 Rc3 33. Qa8 Qe5
34. b4 Rc4 35. Qf8 Kg6 36. Bf1 Rc2 37. Qd6 Qb2 38. Qf4 Qxb4 39. h4 Qc5 40. Rd6
Rc1 41. Qxe4+ Qf5 42. Qxf5+ Kxf5 43. Rb6 Rb1 44. Kg2 Ke5 45. Rxb5+ Rxb5 46.
Bxb5 Ne4 47. Be2 g6 48. Bc4 Nd6 49. Bd3 f5 50. Kf3 Nb7 51. Bc4 Nd6 52. Bb3 Ne4
53. Bf7 Kf6 54. Bd5 Nc5 55. Ke2 Ke5 56. Bf7 Kf6 57. Bd5 Ke5 58. Bc6 Kf6 59. Kd2
Ne6 60. Kc3 Nd8 61. Bd5 g5 62. hxg5+ Kxg5 63. Kd4 Kf6 64. f4 1-0

[Event "4NCL Division 1a"]
[Site "Telford, ENG"]
[Date "2019.03.16"]
[Round "7.43"]
[White "Stork, Oliver"]
[Black "Taylor, Martin R"]
[Result "1/2-1/2"]
[WhiteElo "2209"]
[BlackElo "2332"]
[PlyCount "96"]
[EventDate "2019.03.16"]
[WhiteTeam "Oxford 1"]
[BlackTeam "Barbican 4NCL 1"]

1. c4 e5 2. g3 Nc6 3. Bg2 g6 4. Nc3 Bg7 5. d3 d6 6. e3 f5 7. Nge2 Nf6 8. Rb1
O-O 9. O-O Qe8 10. b4 g5 11. f4 h6 12. Nd5 Rf7 13. a4 Nxd5 14. cxd5 Ne7 15. e4
gxf4 16. gxf4 Ng6 17. Ng3 Nxf4 18. Bxf4 exf4 19. Rxf4 fxe4 20. Rxf7 Qxf7 21.
dxe4 Bd7 22. Qc2 Rc8 23. Rf1 Qe8 24. Nf5 Bxf5 25. Rxf5 c5 26. dxc6 Qxc6 27.
Qb3+ Kh8 28. e5 Qb6+ 29. Kh1 Rc1+ 30. Bf1 Qc6+ 31. Kg1 dxe5 32. Qf3 Qb6+ 33.
Kg2 Qxb4 34. Bd3 Rc7 35. Kh3 Rd7 36. Rf7 Qd6 37. Rxd7 Qxd7+ 38. Bf5 Qc7 39. Qh5
Qc3+ 40. Kg2 Qc6+ 41. Qf3 Qf6 42. Be4 b6 43. Qg4 Bf8 44. Bd5 Qg5 45. Kf3 Kg7
46. Qd7+ Qe7 47. Qg4+ Qg5 48. Qd7+ Qe7 1/2-1/2

[Event "4NCL Division 1a"]
[Site "Telford, ENG"]
[Date "2019.03.16"]
[Round "7.44"]
[White "Pigott, John C"]
[Black "Gerlagh, Joris"]
[Result "1/2-1/2"]
[WhiteElo "2389"]
[BlackElo "2258"]
[PlyCount "68"]
[EventDate "2019.03.16"]
[WhiteTeam "Barbican 4NCL 1"]
[BlackTeam "Oxford 1"]

1. c4 g6 2. e4 e5 3. d4 Nf6 4. Nf3 exd4 5. e5 Ne4 6. Qxd4 Bb4+ 7. Kd1 f5 8.
exf6 Nxf6 9. Bg5 O-O 10. a3 Be7 11. Nc3 Nc6 12. Qd2 d6 13. Kc2 Bf5+ 14. Bd3 Ng4
15. Be3 Qd7 16. Nd5 Rae8 17. Bxf5 Qxf5+ 18. Qd3 Qxd3+ 19. Kxd3 Bd8 20. h3 Rxe3+
21. fxe3 Nf2+ 22. Ke2 Nxh1 23. Rxh1 Ne7 24. Nxe7+ Bxe7 25. b3 Bf6 26. Rd1 Kf7
27. Nd4 a6 28. Kd3 Ke7 29. Rf1 Rf7 30. Rf4 Be5 31. Rxf7+ Kxf7 32. Ke4 c6 33. a4
Bf6 34. Ne2 Be5 1/2-1/2

[Event "4NCL Division 1a"]
[Site "Telford, ENG"]
[Date "2019.03.16"]
[Round "7.45"]
[White "Manley, Jon P"]
[Black "Sowray, Peter J"]
[Result "1/2-1/2"]
[WhiteElo "2173"]
[BlackElo "2370"]
[PlyCount "153"]
[EventDate "2019.03.16"]
[WhiteTeam "Oxford 1"]
[BlackTeam "Barbican 4NCL 1"]

1. e4 e5 2. Nf3 Nc6 3. Nc3 Nf6 4. Bb5 Bb4 5. O-O O-O 6. d3 Bxc3 7. bxc3 d6 8.
Bg5 Qe7 9. Re1 a6 10. Ba4 Nd8 11. d4 Ne6 12. Bc1 b5 13. Bb3 Bb7 14. d5 Nc5 15.
Bg5 h6 16. Bh4 Kh7 17. Nd2 Rg8 18. a4 g5 19. Bg3 bxa4 20. Bxa4 a5 21. Bb5 Rgb8
22. c4 Bc8 23. Ra3 Bd7 24. Bxd7 Qxd7 25. Qf3 Kg7 26. Qc3 a4 27. f3 Qc8 28. Bf2
Nfd7 29. h4 Qb7 30. Rea1 Qb2 31. Qe3 Kg6 32. R3a2 Qb4 33. Kh2 Qa5 34. g3 Nf6
35. g4 Rb7 36. Nb1 Qb4 37. Na3 Rab8 38. Be1 Qb6 39. Nb5 Nfd7 40. Bd2 f6 41. Qc3
Ra8 42. Kg2 Qa6 43. Be1 Nb6 44. Na3 Rab8 45. Bd2 Ra8 46. Rh1 Rbb8 47. Raa1 Rh8
48. Rh2 Rag8 49. Rah1 Qc8 50. Be3 Nbd7 51. Nb5 Nb6 52. hxg5 hxg5 53. Rxh8 Rxh8
54. Rxh8 Qxh8 55. Nxc7 Nbd7 56. Nb5 Qb8 57. Qb4 Kf7 58. Qa5 Ke7 59. Na7 Kf8 60.
Nc6 Qc8 61. Kf2 Kg7 62. Ke2 Qa6 63. Qd8 Qxc4+ 64. Kd2 a3 65. Ne7 Qb4+ 66. Ke2
Qb8 67. Nf5+ Kg6 68. Qa5 Qb2 69. Qd8 Qxc2+ 70. Kf1 Qb1+ 71. Kg2 Qb8 72. Qa5
Qb2+ 73. Kg3 a2 74. Qd8 Qb8 75. Qa5 Qb1 76. Qd8 Qb8 77. Qa5 1/2-1/2

[Event "4NCL Division 1a"]
[Site "Telford, ENG"]
[Date "2019.03.16"]
[Round "7.46"]
[White "Griffiths, Ryan Rhys"]
[Black "Hansen, Hans-Peter"]
[Result "1-0"]
[WhiteElo "2359"]
[BlackElo "2177"]
[PlyCount "55"]
[EventDate "2019.03.16"]
[WhiteTeam "Barbican 4NCL 1"]
[BlackTeam "Oxford 1"]

1. d4 Nf6 2. c4 c5 3. d5 b5 4. Qc2 bxc4 5. e4 e6 6. Bxc4 exd5 7. exd5 d6 8. Nc3
Be7 9. Nf3 O-O 10. O-O Nbd7 11. h3 Nb6 12. b3 Bb7 13. Rd1 Ne8 14. Bf4 Nc7 15.
Rd2 Rb8 16. Re1 Re8 17. Qd3 Qd7 18. Rde2 h6 19. Nd2 Bf8 20. Nde4 f5 21. Nxc5
Rxe2 22. Rxe2 dxc5 23. Bxc7 Rc8 24. Bxb6 axb6 25. Re6 Bd6 26. Qxf5 Rf8 27. Qg6
Bf4 28. d6 1-0

[Event "4NCL Division 1a"]
[Site "Telford, ENG"]
[Date "2019.03.16"]
[Round "7.47"]
[White "Matta, Francesca"]
[Black "Franklin, Samuel G A"]
[Result "0-1"]
[WhiteElo "1916"]
[BlackElo "2349"]
[PlyCount "104"]
[EventDate "2019.03.16"]
[WhiteTeam "Oxford 1"]
[BlackTeam "Barbican 4NCL 1"]

1. c4 Nf6 2. Nc3 g6 3. g3 Bg7 4. Bg2 O-O 5. Nf3 d6 6. O-O Nc6 7. d4 Rb8 8. e4
Bg4 9. Be3 Nd7 10. h3 Bxf3 11. Bxf3 e5 12. d5 Nd4 13. Bg2 c5 14. dxc6 bxc6 15.
Rb1 Qa5 16. Qa4 Qc5 17. a3 a5 18. Rfc1 Nb6 19. Qd1 Qxc4 20. Bxd4 Qxd4 21. Ne2
Qxd1+ 22. Rxd1 Rfd8 23. Nc3 Kf8 24. b4 Nc4 25. bxa5 Rxb1 26. Rxb1 Nxa5 27. Rb6
Ra8 28. a4 Ke7 29. Bf1 Kd7 30. Bd3 Kc7 31. Rb4 Bh6 32. Rb2 Nb7 33. Kf1 Nc5 34.
Bc2 Bd2 35. Nb1 Ba5 36. Ke2 Bb6 37. Nc3 Ne6 38. Bd1 Bd4 39. Rc2 Nc5 40. f3 Bxc3
41. Rxc3 Nxa4 42. Ra3 Nb6 43. Rc3 Ra2+ 44. Bc2 Na4 45. Rc4 Nc5 46. Ke3 Ra3+ 47.
Ke2 Ne6 48. Bd3 Nd4+ 49. Ke3 Nxf3 50. Rc1 f5 51. Ke2 Nd4+ 52. Ke3 fxe4 0-1

[Event "4NCL Division 1b"]
[Site "Daventry, ENG"]
[Date "2018.11.10"]
[Round "1.51"]
[White "Erdos, Viktor"]
[Black "Rendle, Thomas E"]
[Result "1-0"]
[WhiteElo "2604"]
[BlackElo "2373"]
[PlyCount "105"]
[EventDate "2018.11.10"]
[WhiteTeam "Chess.com Manx Liberty 1"]
[BlackTeam "Grantham Sharks 1"]

1. Nf3 Nf6 2. c4 e6 3. g3 d5 4. Bg2 Be7 5. O-O O-O 6. d4 dxc4 7. Qc2 a6 8. a4
Bd7 9. Qxc4 Bc6 10. Bg5 Nbd7 11. Nc3 h6 12. Bxf6 Nxf6 13. a5 Qd6 14. Rfc1 Rfd8
15. e3 Qb4 16. Qxb4 Bxb4 17. Na4 Bxa5 18. Rxc6 bxc6 19. Ne5 Bb4 20. Nxc6 a5 21.
Rc1 Kf8 22. Nxd8 Rxd8 23. Rxc7 e5 24. Rc4 exd4 25. Rxd4 Rxd4 26. exd4 Ke7 27.
Kf1 g5 28. Nb6 Kd8 29. Ke2 Kc7 30. Nc4 Ne8 31. Ne3 Bf8 32. b3 Nd6 33. Bd5 Bg7
34. Kd3 Kd7 35. Ng4 Nb5 36. Bxf7 Nxd4 37. Nxh6 Nxb3 38. Bxb3 Bxh6 39. Ke4 Bf8
40. Kf5 Be7 41. Ba4+ Kd6 42. h3 Bd8 43. g4 Be7 44. Bd1 Bd8 45. f4 gxf4 46. g5
Ke7 47. Kg6 Kf8 48. h4 Kg8 49. Bb3+ Kf8 50. Kh7 f3 51. g6 Bf6 52. h5 f2 53. Bc4
1-0

[Event "4NCL Division 1b"]
[Site "Daventry, ENG"]
[Date "2018.11.10"]
[Round "1.52"]
[White "Roberson, Peter T"]
[Black "Lupulescu, Constantin"]
[Result "1/2-1/2"]
[WhiteElo "2403"]
[BlackElo "2601"]
[PlyCount "147"]
[EventDate "2018.11.10"]
[WhiteTeam "Grantham Sharks 1"]
[BlackTeam "Chess.com Manx Liberty 1"]

1. e4 c5 2. c3 d5 3. exd5 Qxd5 4. d4 Nf6 5. Nf3 e6 6. Na3 Nc6 7. Be3 cxd4 8.
Nb5 Qd8 9. Nbxd4 Qc7 10. Bd3 Nxd4 11. Bxd4 Bc5 12. O-O Bxd4 13. Nxd4 O-O 14.
Re1 b6 15. a4 Bb7 16. Qe2 Rad8 17. a5 Rd5 18. axb6 axb6 19. Qe3 Rfd8 20. Ba6
Ba8 21. Be2 Ra5 22. Bf3 Nd5 23. Qe2 Nf4 24. Qe3 Nd5 25. Qe2 g6 26. g3 Bb7 27.
Rxa5 bxa5 28. h4 h5 29. Be4 Nf6 30. Bxb7 Qxb7 31. Qe5 Ng4 32. Qxa5 Rd5 33. Qa4
e5 34. Nf3 Rb5 35. Qe4 Qb6 36. Re2 Rxb2 37. Nxe5 Nxf2 38. Rxb2 Qxb2 39. Qf3
Nh3+ 40. Kh1 Qf2 41. Qxf7+ Qxf7 42. Nxf7 Nf2+ 43. Kg2 Ne4 44. Ne5 Nxc3 45. Nxg6
Nd5 46. Kf3 Kg7 47. Nf4 Nf6 48. Ke3 Kh6 49. Kd4 Ng4 50. Ke4 Nf2+ 51. Kf5 Nh1
52. Ne2 Nf2 53. Nc3 Ng4 54. Nd5 Nf2 55. Nf6 Nd1 56. Ng8+ Kg7 57. Ne7 Nf2 58.
Nd5 Kh6 59. Ne3 Nh1 60. Nf1 Nf2 61. Nd2 Ng4 62. Nc4 Nf2 63. Nd6 Ng4 64. Nf7+
Kg7 65. Ne5 Nf2 66. Nd7 Nh1 67. Kf4 Nf2 68. Nc5 Kg6 69. Kf3 Ng4 70. Nd3 Kf5 71.
Nf4 Nf6 72. Ng2 Ng4 73. Ne3+ Nxe3 74. Kxe3 1/2-1/2

[Event "4NCL Division 1b"]
[Site "Daventry, ENG"]
[Date "2018.11.10"]
[Round "1.53"]
[White "Parligras, Mircea-Emilian"]
[Black "Batchelor, Peter J"]
[Result "1-0"]
[WhiteElo "2645"]
[BlackElo "2324"]
[PlyCount "35"]
[EventDate "2018.11.10"]
[WhiteTeam "Chess.com Manx Liberty 1"]
[BlackTeam "Grantham Sharks 1"]

1. e4 c6 2. Nc3 d5 3. Nf3 dxe4 4. Nxe4 Nf6 5. Qe2 Bg4 6. Nxf6+ gxf6 7. h3 Bxf3
8. Qxf3 Qd5 9. Be2 e6 10. O-O f5 11. d4 Bg7 12. Qg3 Rg8 13. c4 Qxd4 14. Rd1 Qe5
15. Bf4 Qxe2 16. Bxb8 f4 17. Qxf4 Bf6 18. Rd2 1-0

[Event "4NCL Division 1b"]
[Site "Daventry, ENG"]
[Date "2018.11.10"]
[Round "1.54"]
[White "Daskalov, Dimitar"]
[Black "Galyas, Miklos"]
[Result "0-1"]
[WhiteElo "2330"]
[BlackElo "2495"]
[PlyCount "118"]
[EventDate "2018.11.10"]
[WhiteTeam "Grantham Sharks 1"]
[BlackTeam "Chess.com Manx Liberty 1"]

1. e4 d6 2. d4 Nf6 3. Nc3 g6 4. h3 c6 5. g4 Bg7 6. Bg2 Nbd7 7. g5 Nh5 8. Bf3 e5
9. d5 cxd5 10. Nxd5 Nc5 11. Ne2 Be6 12. Bxh5 gxh5 13. Ng3 Rg8 14. Qxh5 Nxe4 15.
Qxh7 Bxd5 16. Qxg8+ Bf8 17. Nxe4 Bxe4 18. g6 Bxg6 19. Bh6 Qh4 20. Qxf8+ Kd7 21.
Qxa8 Qe4+ 22. Be3 Qxh1+ 23. Kd2 Qxa1 24. Qxb7+ Ke6 25. Qb3+ d5 26. Bxa7 Bh5 27.
c4 d4 28. f3 Qf1 29. c5+ Kf6 30. Qd3 Qxh3 31. c6 Qg2+ 32. Qe2 Bxf3 33. Qxg2
Bxg2 34. c7 Bb7 35. b4 Ke6 36. a4 Kd7 37. Bb6 Kc6 38. a5 Kb5 39. Bc5 Kc4 40.
Ke1 f5 41. Bd6 e4 42. Be5 d3 43. Bf4 Kxb4 44. Bd2+ Kc4 45. Kf2 Kd4 46. Be3+ Kc3
47. Ke1 d2+ 48. Bxd2+ Kd3 49. Bg5 e3 50. Kf1 Ke4 51. Kg2 f4 52. Bh4 f3+ 53. Kf1
Ba6+ 54. Kg1 Kd3 55. c8=Q Bxc8 56. Kf1 Kd2 57. Be1+ Kd1 58. Bf2 Ba6+ 59. Kg1
Ke2 0-1

[Event "4NCL Division 1b"]
[Site "Daventry, ENG"]
[Date "2018.11.10"]
[Round "1.55"]
[White "Cioara, Andrei-Nestor"]
[Black "Holland, James P"]
[Result "1/2-1/2"]
[WhiteElo "2427"]
[BlackElo "2260"]
[PlyCount "138"]
[EventDate "2018.11.10"]
[WhiteTeam "Chess.com Manx Liberty 1"]
[BlackTeam "Grantham Sharks 1"]

1. d4 Nf6 2. c4 g6 3. g3 c6 4. Bg2 d5 5. Nd2 Bg7 6. Ngf3 Ne4 7. e3 Nxd2 8. Nxd2
dxc4 9. Nxc4 Be6 10. b3 Bd5 11. O-O c5 12. Ba3 Bxg2 13. Kxg2 Qd5+ 14. Qf3 Qxf3+
15. Kxf3 cxd4 16. exd4 Nc6 17. d5 Nd4+ 18. Ke4 Nc2 19. Rad1 Nxa3 20. Nxa3 Rc8
21. Nc4 O-O 22. a4 Rfd8 23. Rd3 Rd7 24. f4 Rc5 25. Rfd1 Bf8 26. g4 Rdc7 27. Ra1
Bg7 28. Ra2 Kf8 29. Rad2 Rd7 30. h3 Ke8 31. g5 b5 32. axb5 Rxb5 33. Ra2 f5+ 34.
gxf6 Bxf6 35. Ne5 Rdb7 36. Ra3 Rb4+ 37. Kf3 g5 38. Nc4 gxf4 39. Kxf4 a5 40. Kf5
a4 41. Rxa4 Rxa4 42. bxa4 Rb4 43. Nd6+ exd6 44. Kxf6 Rxa4 45. Ke6 Rh4 46. Kxd6
Kd8 47. Rg3 Rh6+ 48. Kc5 Kd7 49. Ra3 Rh4 50. Ra7+ Ke8 51. Kc6 Rxh3 52. Ra8+ Kf7
53. d6 Rc3+ 54. Kd7 Rd3 55. Ra5 Kf6 56. Rh5 Kg6 57. Re5 Kf6 58. Rc5 Kf7 59. Kc7
Ke6 60. Rc1 h5 61. Re1+ Kf5 62. d7 h4 63. d8=Q Rxd8 64. Kxd8 Kf4 65. Ke7 h3 66.
Kf6 h2 67. Rh1 Kg3 68. Kg5 Kg2 69. Rxh2+ Kxh2 1/2-1/2